| 000 | 00330nam a22001337a 4500 | ||
|---|---|---|---|
| 008 | 170130b xxu||||| |||| 00| 0 eng d | ||
| 020 | _a9780323031356 | ||
| 041 | _aeng | ||
| 080 |
_23RD _a61 |
||
| 100 | _a3 | ||
| 101 | _aSHMI | ||
| 245 |
_aURINARY & FECAL INCONTINENCE CURRENT MANAGEMENT CONCEPTS _cDOUGHTY, D.B |
||
| 942 |
_2udc _cBK |
||
| 999 |
_c4008 _d4008 |
||